Which Countries Have the Most Paved Roads - Statistics

General Stats
  • This quiz has been taken 20 times
  • The average score is 9 of 10
Answer Stats
# Kms Country % Correct
5,344,700 China
100%
1,053,215 France
95%
830,000 Germany
95%
4,500,000 India
95%
487,700 Italy
95%
1,124,116 Russia
95%
424,129 United Kingdom
95%
4,304,715 USA
95%
992,835 Japan
89%
683,175 Spain
89%
No matching quizzes found
Score Distribution
Percent of People with Each Score
Percentile by Number Answered
Your Score History
You have not taken this quiz